000 00397nam a22001457a 4500
003 URS
005 20220114171741.0
008 170531b xxu||||| |||| 00| 0 eng d
020 _a9812433775
050 _aQA76.73.C153
_bM251
100 _aMalik, D.S
245 _aC++ Programming:
_bFrom problem analysis to program design
_cD.S. Malik
260 _bThomson Learning Asia
_c2002
942 _2lcc
_cFR
999 _c14669
_d14669